| 000 | 00664cam a2200205 4500 | ||
|---|---|---|---|
| 001 | 45492 | ||
| 090 | _a45492 | ||
| 100 | _a19940112d1947 m y0pory50030103ba | ||
| 101 | 0 | _apor | |
| 102 | _aPT | ||
| 200 | 1 |
_aA personalidade de Beethoven _eensaios beethovenianos _fLuís de Freitas Branco |
|
| 210 | 9 |
_aLisboa _cEdições Cosmos, _dimp. 1947 |
|
| 215 |
_a98, [2] p. _d19 cm |
||
| 225 | 2 |
_aBiblioteca cosmos _v124. _h5.ª seccão, _iBiografias _v5 |
|
| 600 | 1 |
_aBeethoven, _bLudwig van, _f1770-1827 |
|
| 675 |
_a929Beethoven, Ludwig van _vBN _zpor |
||
| 675 |
_a78Beethoven, Ludwig van _vBN _zpor |
||
| 700 | 1 |
_aBranco, _bLuís de Freitas, _f1890-1955 |
|
| 801 | 0 |
_aPT _bBN _gRPC |
|
| 990 | _cLIVROS | ||